[Event "4NCL/Div1/HKF1 vs. BET"]
[Site "Wokefield Park ENG"]
[Date "2007.03.04"]
[Round "8.8"]
[White "Ledger, Stephen C"]
[Black "Richards, Heather"]
[Result "1/2-1/2"]
[WhiteElo "2170"]
[BlackElo "2220"]
[PlyCount "122"]
[EventDate "2007.03.04"]
[EventType "team"]
[EventRounds "11"]
[EventCountry "ENG"]
[WhiteTeam "Betsson.com"]
[BlackTeam "H Kingfisher 1"]

1. d4 e6 2. Nf3 Nf6 3. Bf4 c5 4. e3 b6 5. Nbd2 Be7 6. h3 O-O 7. c3 cxd4 8. exd4
Bb7 9. Bd3 d6 10. Qe2 Nbd7 11. O-O Re8 12. Rfe1 Bf8 13. Bh2 e5 14. dxe5 dxe5
15. Ne4 Nxe4 16. Bxe4 Bxe4 17. Qxe4 Nc5 18. Qc2 Qd3 19. Qxd3 Nxd3 20. Re2 f6
21. Ne1 Nc5 22. Rd1 Rad8 23. Red2 Be7 24. Nc2 Na4 25. Nb4 Nxb2 26. Rxd8 Rxd8
27. Rxd8+ Bxd8 28. Nc6 Nd1 29. Nxd8 Nxc3 30. Kf1 Nxa2 31. f3 b5 32. Ke2 a5 33.
Kd2 Nb4 34. Bg1 a4 35. Bc5 Nd5 36. g3 h5 37. Nc6 Kf7 38. Kd3 Ke6 39. Ba3 g5 40.
Nb4 Ne7 41. Na6 Nd5 42. Nb4 Nb6 43. Nc2 Nc4 44. Bb4 f5 45. Na3 g4 46. fxg4 hxg4
47. hxg4 e4+ 48. Kd4 Nxa3 49. Bxa3 Kf6 50. Bc1 b4 51. g5+ Kg6 52. Kc4 a3 53.
Kb3 Kh5 54. Bd2 Kg6 55. Bf4 Kh5 56. Be3 Kg6 57. Bf4 Kh5 58. Bc1 Kg6 59. Ka2 Kh5
60. Kb3 Kg6 61. Bd2 Kh5 1/2-1/2

[Event "4NCL/Div1/GUI1 vs. BAR1"]
[Site "Wokefield Park ENG"]
[Date "2007.03.04"]
[Round "8.1"]
[White "Rowson, Jonathan"]
[Black "Parker, Jonathan"]
[Result "1/2-1/2"]
[WhiteElo "2592"]
[BlackElo "2522"]
[PlyCount "45"]
[EventDate "2007.03.04"]
[EventType "team"]
[EventRounds "11"]
[EventCountry "ENG"]
[WhiteTeam "Guildford-ADC 1"]
[BlackTeam "Barbican 4NCL 1"]

1. d4 e6 2. c4 Bb4+ 3. Bd2 Bxd2+ 4. Qxd2 d5 5. Nc3 Nf6 6. cxd5 exd5 7. Qf4 O-O
8. e3 c6 9. Bd3 Nbd7 10. g4 Nb6 11. h3 Nc4 12. Rb1 Nd6 13. Nge2 Be6 14. f3 Nfe8
15. Kf2 f5 16. Kg2 Qe7 17. g5 Nc7 18. h4 Rae8 19. Rhe1 Bc8 20. Qg3 Ne4 21. fxe4
fxe4 22. Bxe4 dxe4 23. Nf4 1/2-1/2

[Event "4NCL/Div1/GUI1 vs. BAR1"]
[Site "Wokefield Park ENG"]
[Date "2007.03.04"]
[Round "8.2"]
[White "Devereaux, Maxim"]
[Black "Hebden, Mark L"]
[Result "0-1"]
[WhiteElo "2367"]
[BlackElo "2540"]
[PlyCount "108"]
[EventDate "2007.03.04"]
[EventType "team"]
[EventRounds "11"]
[EventCountry "ENG"]
[WhiteTeam "Barbican 4NCL 1"]
[BlackTeam "Guildford-ADC 1"]

1. e4 e5 2. Nf3 Nc6 3. d4 exd4 4. Nxd4 Nf6 5. Nxc6 bxc6 6. e5 Qe7 7. Qe2 Nd5 8.
c4 Ba6 9. g3 g6 10. b3 Bg7 11. Bb2 O-O 12. Bg2 Rae8 13. O-O Nb6 14. Re1 f6 15.
e6 c5 16. Nc3 Qxe6 17. Qxe6+ Rxe6 18. Rxe6 dxe6 19. Ne4 Nd7 20. Rd1 Bc8 21. Ba3
Rf7 22. Bh3 f5 23. Ng5 Rf6 24. f4 h6 25. Nf3 Rf7 26. Re1 Bb7 27. Bg2 Be4 28.
Nh4 Bd4+ 29. Kh1 Bxg2+ 30. Kxg2 g5 31. Nf3 Rf6 32. Rd1 e5 33. fxe5 Ra6 34. e6
Nf6 35. Nxd4 cxd4 36. Bc5 Rxe6 37. Rxd4 Re2+ 38. Kg1 Rxa2 39. Rd8+ Kf7 40. Rf8+
Kg6 41. Ra8 a6 42. b4 Ne4 43. Be3 Kh5 44. h3 Ra3 45. Bd4 Rxg3+ 46. Kh2 Rd3 47.
Be5 Rd2+ 48. Kg1 Nf2 49. Rxa6 Nxh3+ 50. Kf1 f4 51. Ra3 Kg4 52. Bxc7 f3 53. Ra1
Rg2 54. Bb6 Rh2 0-1

[Event "4NCL/Div1/GUI1 vs. BAR1"]
[Site "Wokefield Park ENG"]
[Date "2007.03.04"]
[Round "8.3"]
[White "King, Daniel J"]
[Black "Rogers, Jonathan W"]
[Result "1-0"]
[WhiteElo "2528"]
[BlackElo "2360"]
[PlyCount "43"]
[EventDate "2007.03.04"]
[EventType "team"]
[EventRounds "11"]
[EventCountry "ENG"]
[WhiteTeam "Guildford-ADC 1"]
[BlackTeam "Barbican 4NCL 1"]

1. e4 e5 2. Nf3 Nc6 3. Bb5 Bc5 4. c3 Nf6 5. d4 exd4 6. e5 Ne4 7. O-O a6 8. Ba4
dxc3 9. Qd5 cxb2 10. Bxb2 Bxf2+ 11. Rxf2 Nxf2 12. Bb3 O-O 13. Kxf2 d6 14. Qe4
d5 15. Bxd5 Ne7 16. Bb3 Be6 17. Nc3 c5 18. Rd1 Qc7 19. Ng5 Bf5 20. Nd5 Bxe4 21.
Nxc7 Rac8 22. Rd7 1-0

[Event "4NCL/Div1/GUI1 vs. BAR1"]
[Site "Wokefield Park ENG"]
[Date "2007.03.04"]
[Round "8.4"]
[White "Collins, Sam"]
[Black "Kosten, Anthony C"]
[Result "0-1"]
[WhiteElo "2398"]
[BlackElo "2534"]
[PlyCount "94"]
[EventDate "2007.03.04"]
[EventType "team"]
[EventRounds "11"]
[EventCountry "ENG"]
[WhiteTeam "Barbican 4NCL 1"]
[BlackTeam "Guildford-ADC 1"]

1. e4 e5 2. Nf3 Nc6 3. Bb5 Nf6 4. O-O Bc5 5. d3 Nd4 6. Nxd4 Bxd4 7. Qf3 c6 8.
Bc4 d5 9. exd5 cxd5 10. Bb5+ Bd7 11. Bxd7+ Qxd7 12. c3 Bb6 13. Bg5 Qe6 14. Nd2
O-O 15. Rae1 Nd7 16. c4 Qg6 17. Be7 Rfe8 18. Ba3 Qh6 19. Re2 e4 20. dxe4 Ne5
21. Qb3 Qh5 22. Rfe1 d4 23. c5 Ba5 24. f3 Qg5 25. f4 Qxf4 26. Rf1 Qh6 27. Bb4
Bxb4 28. Qxb4 Qa6 29. Rfe1 Nd3 30. Qxd4 Nxe1 31. Rxe1 Rad8 32. Qc3 Rd3 33. Qc2
Red8 34. Nc4 Qxa2 35. Nd6 Qb3 36. Qf2 Rd1 37. e5 Rxe1+ 38. Qxe1 Qd5 39. b4 h6
40. h3 Rd7 41. Qg3 Qe6 42. Qf4 a6 43. Qd4 g6 44. Qf4 Re7 45. Nc4 Qd5 46. h4 a5
47. Nxa5 Rxe5 0-1

[Event "4NCL/Div1/GUI1 vs. BAR1"]
[Site "Wokefield Park ENG"]
[Date "2007.03.04"]
[Round "8.5"]
[White "Conquest, Stuart C"]
[Black "Cox, John J"]
[Result "1-0"]
[WhiteElo "2536"]
[BlackElo "2404"]
[PlyCount "123"]
[EventDate "2007.03.04"]
[EventType "team"]
[EventRounds "11"]
[EventCountry "ENG"]
[WhiteTeam "Guildford-ADC 1"]
[BlackTeam "Barbican 4NCL 1"]

1. Nf3 Nf6 2. c4 c5 3. Nc3 e6 4. g3 b6 5. e4 Bb7 6. d3 d6 7. Bg2 Be7 8. O-O O-O
9. Ng5 Nc6 10. f4 Nd7 11. Nf3 Nd4 12. Be3 Nxf3+ 13. Qxf3 a6 14. g4 b5 15. g5 e5
16. Qg3 exf4 17. Bxf4 Ne5 18. Rad1 Qa5 19. Bxe5 dxe5 20. Qxe5 Rae8 21. Qg3 Qd8
22. h4 Bd6 23. Qg4 Qe7 24. Bh3 Be5 25. cxb5 axb5 26. Nxb5 Bxb2 27. Rb1 Be5 28.
Na3 Ba6 29. Rf3 Ra8 30. Qd7 Qxd7 31. Bxd7 Bc8 32. Bxc8 Rxa3 33. Bb7 c4 34. Bd5
c3 35. Bb3 Ra7 36. h5 g6 37. Kf2 gxh5 38. Ke3 Rd8 39. Rbf1 Bd4+ 40. Ke2 Rdd7
41. Rh3 Rdb7 42. Rxh5 Rxa2+ 43. Bxa2 Rb2+ 44. Kf3 Rxa2 45. e5 Rd2 46. Ke4 Bc5
47. e6 fxe6 48. g6 Re2+ 49. Kf3 Re3+ 50. Kg4 Bd6 51. gxh7+ Kh8 52. Ra1 Rg3+ 53.
Kh4 Rf3 54. Ra6 Be7+ 55. Kg4 Rf8 56. Rxe6 Rc8 57. Rxe7 c2 58. Re1 c1=Q 59. Rxc1
Rxc1 60. Kf4 Rc8 61. d4 Rd8 62. Ke4 1-0

[Event "4NCL/Div1/GUI1 vs. BAR1"]
[Site "Wokefield Park ENG"]
[Date "2007.03.04"]
[Round "8.7"]
[White "Gallagher, Joseph G"]
[Black "Knott, Simon"]
[Result "1/2-1/2"]
[WhiteElo "2509"]
[BlackElo "2372"]
[PlyCount "41"]
[EventDate "2007.03.04"]
[EventType "team"]
[EventRounds "11"]
[EventCountry "ENG"]
[WhiteTeam "Guildford-ADC 1"]
[BlackTeam "Barbican 4NCL 1"]

1. e4 e6 2. d4 d5 3. Nd2 c5 4. exd5 Qxd5 5. dxc5 Bxc5 6. Ngf3 Nf6 7. Bc4 Qc6 8.
Qe2 Nbd7 9. Nb3 a6 10. Nxc5 Nxc5 11. b4 Ncd7 12. Bb2 b5 13. Bd3 Nb6 14. Ne5 Qd6
15. O-O Na4 16. Be4 Nxe4 17. Qxe4 Qd5 18. Qg4 Bb7 19. Nxf7 Qxg2+ 20. Qxg2 Bxg2
21. Nd6+ 1/2-1/2

[Event "4NCL/Div1/GUI1 vs. BAR1"]
[Site "Wokefield Park ENG"]
[Date "2007.03.04"]
[Round "8.8"]
[White "Lauterbach, Ingrid"]
[Black "Collas, Silvia"]
[Result "0-1"]
[WhiteElo "2130"]
[BlackElo "2389"]
[PlyCount "68"]
[EventDate "2007.03.04"]
[EventType "team"]
[EventRounds "11"]
[EventCountry "ENG"]
[WhiteTeam "Barbican 4NCL 1"]
[BlackTeam "Guildford-ADC 1"]

1. e4 c5 2. d3 Nc6 3. g3 g6 4. Bg2 Bg7 5. f4 d6 6. c3 e5 7. Nf3 Nge7 8. O-O b6
9. Be3 O-O 10. Qd2 Ba6 11. Na3 d5 12. Nxe5 d4 13. Nxc6 Nxc6 14. cxd4 Bxd4 15.
e5 Rc8 16. Rfd1 f6 17. exf6 Qxf6 18. Bxd4 Qxd4+ 19. Kh1 Rfd8 20. Qe2 Re8 21.
Qc2 Nb4 22. Qb3+ Kg7 23. Nc4 Re2 24. Qc3 Rd8 25. a3 Qxc3 26. bxc3 Nxd3 27. Bf1
Nf2+ 28. Kg1 Rxd1 29. Rxd1 Nxd1 30. Bxe2 Nxc3 31. Bf1 Bxc4 32. Bxc4 b5 33. Bb3
a5 34. Bc2 a4 0-1

[Event "4NCL/Div1/WGR vs. GUI2"]
[Site "Wokefield Park ENG"]
[Date "2007.03.04"]
[Round "8.1"]
[White "Turner, Matthew J"]
[Black "Howell, David W L"]
[Result "1-0"]
[WhiteElo "2490"]
[BlackElo "2501"]
[PlyCount "79"]
[EventDate "2007.03.04"]
[EventType "team"]
[EventRounds "11"]
[EventCountry "ENG"]
[WhiteTeam "Wood Green"]
[BlackTeam "Guildford-ADC 2"]

1. d4 Nf6 2. c4 g6 3. Nc3 d5 4. Bf4 Bg7 5. Rc1 Nh5 6. Bg5 dxc4 7. e3 h6 8. Bh4
Be6 9. Be2 Nf6 10. Bxf6 exf6 11. d5 Bc8 12. Bxc4 O-O 13. Nf3 f5 14. O-O Nd7 15.
a3 Ne5 16. Ba2 Nxf3+ 17. Qxf3 Be5 18. Qh3 h5 19. f4 Bd6 20. Qf3 Qf6 21. Kh1 Re8
22. Bb1 Re7 23. e4 fxe4 24. Nxe4 Qxb2 25. Nxd6 Bg4 26. Qg3 cxd6 27. f5 Qe5 28.
Qh4 f6 29. fxg6 Qg5 30. Qf2 Rf8 31. Rce1 Rfe8 32. h4 Qh6 33. Rxe7 Rxe7 34. Qxf6
Qg7 35. Qxd6 Bd7 36. Qf4 Re2 37. d6 Be6 38. Qg5 Qd7 39. Qxh5 Rd2 40. g7 1-0

[Event "4NCL/Div1/WGR vs. GUI2"]
[Site "Wokefield Park ENG"]
[Date "2007.03.04"]
[Round "8.2"]
[White "Cherniaev, Alexander"]
[Black "Martin, Andrew D"]
[Result "1-0"]
[WhiteElo "2473"]
[BlackElo "2427"]
[PlyCount "57"]
[EventDate "2007.03.04"]
[EventType "team"]
[EventRounds "11"]
[EventCountry "ENG"]
[WhiteTeam "Guildford-ADC 2"]
[BlackTeam "Wood Green"]

1. e4 d5 2. exd5 Qxd5 3. Nc3 Qd8 4. d4 Nf6 5. Nf3 c6 6. g3 Bg4 7. Bg2 e6 8. h3
Bxf3 9. Bxf3 Nbd7 10. O-O Bd6 11. Ne4 Nxe4 12. Bxe4 O-O 13. Bg2 Qc7 14. c3 Rfe8
15. Qc2 Rab8 16. Bd2 b5 17. a4 a5 18. axb5 cxb5 19. b3 Rec8 20. Rfc1 h5 21. c4
Bb4 22. Bxb4 axb4 23. c5 h4 24. gxh4 Nf6 25. Qd2 Rd8 26. Qxb4 Qf4 27. c6 Rxd4
28. Qxd4 Qxd4 29. c7 1-0

[Event "4NCL/Div1/WGR vs. GUI2"]
[Site "Wokefield Park ENG"]
[Date "2007.03.04"]
[Round "8.3"]
[White "Pein, Malcolm"]
[Black "Plaskett, James"]
[Result "0-1"]
[WhiteElo "2401"]
[BlackElo "2492"]
[PlyCount "78"]
[EventDate "2007.03.04"]
[EventType "team"]
[EventRounds "11"]
[EventCountry "ENG"]
[WhiteTeam "Wood Green"]
[BlackTeam "Guildford-ADC 2"]

1. d4 e6 2. Nf3 c5 3. e4 cxd4 4. Nxd4 Nf6 5. Nc3 d6 6. Be3 a6 7. a4 Be7 8. Be2
O-O 9. O-O Qc7 10. f4 Nc6 11. Nb3 b6 12. Bf3 Bb7 13. Qe1 Rab8 14. Qf2 Ba8 15.
g4 Na5 16. g5 Nd7 17. Nd2 Rfe8 18. Be2 Bb7 19. Bd3 Bf8 20. Qh4 f5 21. gxf6 Nxf6
22. Rae1 h6 23. Qg3 Nc6 24. Nc4 Nb4 25. Bxb6 Qd7 26. Bd4 e5 27. fxe5 dxe5 28.
Bxe5 Nh5 29. Qf2 Rbc8 30. Bd4 Nf4 31. Qxf4 Qxd4+ 32. Ne3 Bd6 33. Qf7+ Kh8 34.
Qxb7 Rc7 35. Nb5 axb5 36. Qxb5 Re5 37. Qb8+ Kh7 38. Rf5 Rxf5 39. exf5 Nxd3 0-1

[Event "4NCL/Div1/WGR vs. GUI2"]
[Site "Wokefield Park ENG"]
[Date "2007.03.04"]
[Round "8.4"]
[White "Wallace, John P"]
[Black "Tan, Desmond"]
[Result "1/2-1/2"]
[WhiteElo "2417"]
[BlackElo "2329"]
[PlyCount "121"]
[EventDate "2007.03.04"]
[EventType "team"]
[EventRounds "11"]
[EventCountry "ENG"]
[WhiteTeam "Guildford-ADC 2"]
[BlackTeam "Wood Green"]

1. d4 Nf6 2. Nf3 e6 3. Bg5 h6 4. Bh4 c5 5. e3 cxd4 6. exd4 b6 7. Bd3 Bb7 8. O-O
Be7 9. c4 O-O 10. Qe2 d6 11. Nc3 Nbd7 12. Rfe1 Re8 13. b4 e5 14. d5 Nh5 15. Bg3
g6 16. Nd2 Bf8 17. Qd1 a6 18. Rc1 Bg7 19. Nb3 Nxg3 20. hxg3 f5 21. g4 Qg5 22.
c5 dxc5 23. bxc5 bxc5 24. Na4 e4 25. Nbxc5 Nxc5 26. Nxc5 exd3 27. Qxd3 Rac8 28.
d6 Rxe1+ 29. Rxe1 Rxc5 30. d7 Rd5 31. Qb3 Bc6 32. Re8+ Kh7 33. d8=Q Qxd8 34.
Rxd8 Rxd8 35. gxf5 gxf5 36. Qe6 Be4 37. Kh2 Bd3 38. a4 Rd4 39. a5 Ra4 40. Qd7
Rd4 41. Qe6 Rd8 42. Kg1 Rf8 43. Kh2 Rf6 44. Qe7 Bb5 45. Kg1 Kg6 46. Kh2 Bf8 47.
Qd8 Bd6+ 48. Kh3 Kg7 49. Qc8 Bf8 50. Qc3 f4 51. Qc7+ Kg8 52. f3 Rg6 53. Qc1 Rg5
54. Qc8 Bf1 55. Kh4 Rg6 56. Qe8 Rg5 57. Qe6+ Kg7 58. Qd7+ Kg8 59. Qe6+ Kg7 60.
Qd7+ Kg8 61. Qe6+ 1/2-1/2

[Event "4NCL/Div1/WGR vs. GUI2"]
[Site "Wokefield Park ENG"]
[Date "2007.03.04"]
[Round "8.5"]
[White "Rechel, Bernd"]
[Black "Buckley, Graeme"]
[Result "1/2-1/2"]
[WhiteElo "2408"]
[BlackElo "2384"]
[PlyCount "81"]
[EventDate "2007.03.04"]
[EventType "team"]
[EventRounds "11"]
[EventCountry "ENG"]
[WhiteTeam "Wood Green"]
[BlackTeam "Guildford-ADC 2"]

1. e4 c5 2. Nf3 e6 3. c3 d5 4. exd5 exd5 5. d4 Nc6 6. Bb5 Bd6 7. dxc5 Bxc5 8.
O-O Nge7 9. Nbd2 O-O 10. Nb3 Bb6 11. Re1 Nf5 12. Bd3 h6 13. Bc2 Be6 14. Qd3 Qf6
15. Be3 Bxe3 16. Rxe3 Rfd8 17. Ree1 Rac8 18. Nc5 d4 19. Nxe6 fxe6 20. Bb3 dxc3
21. Qxc3 Ncd4 22. Qd3 Kh8 23. Qe4 Nxf3+ 24. Qxf3 Rc6 25. Rad1 Rxd1 26. Rxd1 Qe5
27. g3 Kh7 28. Kg2 Rc7 29. Rd2 Qf6 30. Qe4 Re7 31. f4 h5 32. Qe5 Qxe5 33. fxe5
Kg6 34. Kf3 Kf7 35. Kf4 Rc7 36. Rd8 Ne7 37. Rd6 Ng6+ 38. Ke4 Nf8 39. Bd1 g6 40.
Bb3 Ke7 41. Rd1 1/2-1/2

[Event "4NCL/Div1/WGR vs. GUI2"]
[Site "Wokefield Park ENG"]
[Date "2007.03.04"]
[Round "8.6"]
[White "Povah, Nigel E"]
[Black "Sowray, Peter J"]
[Result "1/2-1/2"]
[WhiteElo "2350"]
[BlackElo "2325"]
[PlyCount "71"]
[EventDate "2007.03.04"]
[EventType "team"]
[EventRounds "11"]
[EventCountry "ENG"]
[WhiteTeam "Guildford-ADC 2"]
[BlackTeam "Wood Green"]

1. d4 g6 2. e4 Bg7 3. Nc3 d6 4. Be3 a6 5. Nf3 Nd7 6. Qd2 b6 7. Bc4 h6 8. e5
dxe5 9. Bd5 Rb8 10. dxe5 e6 11. Be4 Nxe5 12. Qxd8+ Kxd8 13. O-O-O+ Nd7 14. Bd4
Bxd4 15. Nxd4 Ne7 16. Nc6+ Nxc6 17. Bxc6 Ke7 18. Rhe1 Nf6 19. Ne4 Nxe4 20. Rxe4
Rd8 21. Rxd8 Kxd8 22. Rd4+ Ke7 23. f4 b5 24. Rd3 Rb6 25. Rc3 b4 26. Rc4 a5 27.
Bf3 Kd6 28. Rd4+ Ke7 29. Rc4 Kd7 30. Rc5 Ra6 31. Be2 Ra7 32. Bf3 Kd6 33. Rc6+
Ke7 34. Rc4 Kd6 35. Rc6+ Kd7 36. Rc5 1/2-1/2

[Event "4NCL/Div1/WGR vs. GUI2"]
[Site "Wokefield Park ENG"]
[Date "2007.03.04"]
[Round "8.7"]
[White "Law, Andrew P"]
[Black "Lalic, Susan"]
[Result "1/2-1/2"]
[WhiteElo "2303"]
[BlackElo "2348"]
[PlyCount "20"]
[EventDate "2007.03.04"]
[EventType "team"]
[EventRounds "11"]
[EventCountry "ENG"]
[WhiteTeam "Wood Green"]
[BlackTeam "Guildford-ADC 2"]

1. Nf3 Nf6 2. c4 c5 3. Nc3 Nc6 4. g3 g6 5. Bg2 Bg7 6. O-O O-O 7. d4 cxd4 8.
Nxd4 Nxd4 9. Qxd4 d6 10. Qd3 Nd7 1/2-1/2

[Event "4NCL/Div1/WGR vs. GUI2"]
[Site "Wokefield Park ENG"]
[Date "2007.03.04"]
[Round "8.8"]
[White "Anderton, Matthew N"]
[Black "Hegarty, Sarah"]
[Result "1-0"]
[WhiteElo "2220"]
[BlackElo "1957"]
[PlyCount "51"]
[EventDate "2007.03.04"]
[EventType "team"]
[EventRounds "11"]
[EventCountry "ENG"]
[WhiteTeam "Guildford-ADC 2"]
[BlackTeam "Wood Green"]

1. e4 c5 2. c3 d5 3. exd5 Qxd5 4. d4 Nc6 5. Nf3 Nf6 6. Be3 cxd4 7. cxd4 e6 8.
Nc3 Qd6 9. a3 Be7 10. Bd3 O-O 11. Qc2 Rd8 12. Rd1 a6 13. O-O g6 14. Qc1 Nd5 15.
Nxd5 Qxd5 16. Bc4 Qh5 17. Bf4 Na5 18. Ba2 Bd7 19. Bc7 Rdc8 20. Qf4 Bd8 21. Bxd8
Rxd8 22. d5 b5 23. dxe6 Bxe6 24. Rxd8+ Rxd8 25. Bxe6 fxe6 26. Qc7 1-0

[Event "4NCL/Div1/SLOS1 vs. NWE1"]
[Site "Wokefield Park ENG"]
[Date "2007.03.04"]
[Round "8.1"]
[White "Navara, David"]
[Black "Macak, Stefan"]
[Result "0-1"]
[WhiteElo "2719"]
[BlackElo "2373"]
[PlyCount "58"]
[EventDate "2007.03.04"]
[EventType "team"]
[EventRounds "11"]
[EventCountry "ENG"]
[WhiteTeam "Slough Sharks 1"]
[BlackTeam "N W Eagles 1"]

1. d4 Nf6 2. c4 e6 3. Nf3 Bb4+ 4. Nbd2 O-O 5. a3 Bxd2+ 6. Qxd2 d5 7. e3 b6 8.
Be2 Ba6 9. b3 Nbd7 10. O-O c5 11. cxd5 Bxe2 12. Qxe2 exd5 13. dxc5 bxc5 14. b4
Qb6 15. bxc5 Qxc5 16. Bb2 Rfc8 17. Nd4 Qc4 18. Qf3 Rab8 19. Rac1 Qd3 20. Rxc8+
Rxc8 21. Nf5 Rb8 22. Rc1 g6 23. Ne7+ Kf8 24. Rd1 Qc2 25. Bxf6 Rb1 26. Rf1 Nxf6
27. Nc8 Ne4 28. Nd6 Rxf1+ 29. Kxf1 Nd2+ 0-1

[Event "4NCL/Div1/SLOS1 vs. NWE1"]
[Site "Wokefield Park ENG"]
[Date "2007.03.04"]
[Round "8.2"]
[White "Hennigan, Michael T"]
[Black "Jones, Gawain C B"]
[Result "1/2-1/2"]
[WhiteElo "2390"]
[BlackElo "2509"]
[PlyCount "22"]
[EventDate "2007.03.04"]
[EventType "team"]
[EventRounds "11"]
[EventCountry "ENG"]
[WhiteTeam "N W Eagles 1"]
[BlackTeam "Slough Sharks 1"]

1. g3 e5 2. Bg2 d5 3. d3 g6 4. Nf3 Nc6 5. O-O Bg7 6. e4 Nge7 7. Nc3 dxe4 8.
dxe4 Nd4 9. Nxd4 exd4 10. Ne2 O-O 11. c3 c5 1/2-1/2

[Event "4NCL/Div1/SLOS1 vs. NWE1"]
[Site "Wokefield Park ENG"]
[Date "2007.03.04"]
[Round "8.3"]
[White "Rendle, Thomas E"]
[Black "Morrison, Graham"]
[Result "1/2-1/2"]
[WhiteElo "2366"]
[BlackElo "2335"]
[PlyCount "42"]
[EventDate "2007.03.04"]
[EventType "team"]
[EventRounds "11"]
[EventCountry "ENG"]
[WhiteTeam "Slough Sharks 1"]
[BlackTeam "N W Eagles 1"]

1. e4 c5 2. Nc3 Nc6 3. Bb5 Nd4 4. Bc4 e6 5. Nge2 Nf6 6. O-O a6 7. d3 b5 8. Bb3
Nxb3 9. axb3 Bb7 10. Bg5 d6 11. f4 Be7 12. f5 O-O 13. Ng3 Nd7 14. Bf4 Ne5 15.
Bxe5 dxe5 16. Qg4 exf5 17. Nxf5 g6 18. Qg3 Bg5 19. Ne2 Kh8 20. Ne3 Bxe3+ 21.
Qxe3 Qe7 1/2-1/2

[Event "4NCL/Div1/SLOS1 vs. NWE1"]
[Site "Wokefield Park ENG"]
[Date "2007.03.04"]
[Round "8.4"]
[White "Hague, Ben"]
[Black "Gourlay, Iain"]
[Result "1/2-1/2"]
[WhiteElo "2298"]
[BlackElo "2348"]
[PlyCount "52"]
[EventDate "2007.03.04"]
[EventType "team"]
[EventRounds "11"]
[EventCountry "ENG"]
[WhiteTeam "N W Eagles 1"]
[BlackTeam "Slough Sharks 1"]

1. e4 c5 2. d4 cxd4 3. c3 Nf6 4. e5 Nd5 5. Nf3 e6 6. Bc4 d6 7. cxd4 Nc6 8. O-O
Be7 9. exd6 Qxd6 10. Nc3 Nxc3 11. bxc3 O-O 12. Re1 b6 13. Ng5 e5 14. Qf3 Bxg5
15. Bxg5 exd4 16. Be7 Nxe7 17. Qxa8 Nc6 18. Bb5 Bd7 19. Qb7 Rb8 20. Qa6 dxc3
21. Rad1 Nd4 22. Bxd7 c2 23. Rxd4 Qxd4 24. Qxa7 Qf4 25. Qa3 Qd2 26. Qc1 Qxd7
1/2-1/2

[Event "4NCL/Div1/SLOS1 vs. NWE1"]
[Site "Wokefield Park ENG"]
[Date "2007.03.04"]
[Round "8.5"]
[White "Hinks-Edwards, Thomas"]
[Black "Kennaugh, Charles W"]
[Result "1-0"]
[WhiteElo "2363"]
[BlackElo "2287"]
[PlyCount "87"]
[EventDate "2007.03.04"]
[EventType "team"]
[EventRounds "11"]
[EventCountry "ENG"]
[WhiteTeam "Slough Sharks 1"]
[BlackTeam "N W Eagles 1"]

1. e4 e5 2. Nf3 Nc6 3. Bb5 a6 4. Ba4 Nf6 5. O-O Be7 6. Qe2 b5 7. Bb3 O-O 8. c3
d5 9. d3 d4 10. Rd1 Bg4 11. Nbd2 Bc5 12. h3 Be6 13. cxd4 Nxd4 14. Nxd4 Bxd4 15.
Bxe6 fxe6 16. Nf3 c5 17. Nxd4 exd4 18. f4 Qb6 19. Kh2 a5 20. g4 a4 21. Bd2 Nd7
22. Rf1 Qd6 23. Kh1 Rac8 24. a3 Rf7 25. Rac1 Nb6 26. f5 e5 27. g5 Rcf8 28. h4
g6 29. f6 Rb8 30. h5 Nd7 31. hxg6 hxg6 32. Kg2 Nf8 33. Rh1 Rbb7 34. Qg4 Rbc7
35. Rh6 Rh7 36. Rxh7 Rxh7 37. Qc8 Rc7 38. Qb8 Qd7 39. Rh1 Qf7 40. Be1 Rb7 41.
Qxe5 Qe6 42. f7+ Kxf7 43. Rf1+ Ke7 44. Qg7+ 1-0

[Event "4NCL/Div1/SLOS1 vs. NWE1"]
[Site "Wokefield Park ENG"]
[Date "2007.03.04"]
[Round "8.6"]
[White "van der Linden, Lukas"]
[Black "Rees, Ioan"]
[Result "0-1"]
[WhiteElo "2290"]
[BlackElo "2268"]
[PlyCount "54"]
[EventDate "2007.03.04"]
[EventType "team"]
[EventRounds "11"]
[EventCountry "ENG"]
[WhiteTeam "N W Eagles 1"]
[BlackTeam "Slough Sharks 1"]

1. d4 Nf6 2. c4 c5 3. d5 b5 4. cxb5 a6 5. f3 e6 6. e4 c4 7. Nc3 axb5 8. Nxb5
Qb6 9. Nc3 Bc5 10. Nh3 exd5 11. e5 O-O 12. exf6 d4 13. fxg7 Re8+ 14. Be2 d3 15.
Nf4 Bb7 16. Kf1 Qf6 17. Nxd3 cxd3 18. Bxd3 Qh4 19. Qd2 Bxf3 20. gxf3 Qh3+ 21.
Qg2 Re1+ 22. Kxe1 Qxg2 23. Rf1 Nc6 24. Ne4 Nb4 25. Be2 Be7 26. Kd1 Nd5 27. Nf2
Qg6 0-1

[Event "4NCL/Div1/SLOS1 vs. NWE1"]
[Site "Wokefield Park ENG"]
[Date "2007.03.04"]
[Round "8.7"]
[White "Krensing, Jan"]
[Black "Coates, Kenneth G"]
[Result "0-1"]
[WhiteElo "2301"]
[BlackElo "2240"]
[PlyCount "144"]
[EventDate "2007.03.04"]
[EventType "team"]
[EventRounds "11"]
[EventCountry "ENG"]
[WhiteTeam "Slough Sharks 1"]
[BlackTeam "N W Eagles 1"]

1. d4 d5 2. c4 c6 3. Nf3 Nf6 4. Nc3 dxc4 5. a4 Bf5 6. e3 e6 7. Bxc4 Bb4 8. O-O
Nbd7 9. Qe2 Bg6 10. e4 Bxc3 11. bxc3 Nxe4 12. Ba3 Qc7 13. Rfc1 Nd6 14. Bxe6 O-O
15. Bxd7 Qxd7 16. Ne5 Qe6 17. Qb2 Rab8 18. Re1 Rfe8 19. Qb4 Ne4 20. f3 Nd2 21.
Rad1 a5 22. Qd6 Qa2 23. Bc1 Nc4 24. Nxc4 Qxc4 25. Bf4 Rbd8 26. Qc7 f6 27. Qxb7
Qxc3 28. Bg3 h6 29. Bf2 Qc4 30. h4 Qxa4 31. Rxe8+ Rxe8 32. Rc1 Bf7 33. Qxc6
Qxc6 34. Rxc6 Ra8 35. Rc1 a4 36. Ra1 a3 37. d5 Bxd5 38. Bd4 Kf7 39. Kf2 Ke6 40.
Ke3 a2 41. Re1 Bc4 42. Bc3 Kd5 43. Kd2 Ra7 44. Kc2 Rb7 45. Bb2 Bd3+ 46. Kc3 Bb1
47. Re2 Rc7+ 48. Kb3 Rc1 49. Re7 g6 50. Bxf6 Rh1 51. Re5+ Kd6 52. Ra5 Rg1 53.
Bg7 Rxg2 54. Bxh6 Bf5 55. Bg7 Rf2 56. Be5+ Ke6 57. f4 Bb1 58. Kc3 Rf3+ 59. Kd2
Kf5 60. Ke2 Kg4 61. Ra4 Rh3 62. Bf6 Kf5 63. Be5 Rxh4 64. Ra5 Kg4 65. Ra3 Rh2+
66. Kd1 Kf5 67. Ra5 Ke4 68. Kc1 Ke3 69. Ra7 Be4 70. Ra5 Rc2+ 71. Kd1 Rd2+ 72.
Kc1 Ke2 0-1

[Event "4NCL/Div1/SLOS1 vs. NWE1"]
[Site "Wokefield Park ENG"]
[Date "2007.03.04"]
[Round "8.8"]
[White "Lyell, Meri"]
[Black "Ignacz, Maria"]
[Result "1/2-1/2"]
[WhiteElo "2061"]
[BlackElo "2219"]
[PlyCount "44"]
[EventDate "2007.03.04"]
[EventType "team"]
[EventRounds "11"]
[EventCountry "ENG"]
[WhiteTeam "N W Eagles 1"]
[BlackTeam "Slough Sharks 1"]

1. Nf3 Nf6 2. d4 e6 3. g3 b6 4. Bg2 Bb7 5. c4 Be7 6. Nc3 O-O 7. O-O Na6 8. b3
c5 9. Ba3 cxd4 10. Bxe7 Qxe7 11. Qxd4 d5 12. Rac1 Rfd8 13. cxd5 Nxd5 14. Nxd5
Bxd5 15. Qf4 Qb7 16. Rfe1 Qe7 17. Ne5 Bxg2 18. Kxg2 Qb7+ 19. Qf3 Qxf3+ 20. Nxf3
Kf8 21. Rc4 Rd5 22. Rec1 Ke7 1/2-1/2